000
00244nam a22001097a 4500
999
_c
167748
_d
167748
082
_a
_b
100
_a
Kamaleswar
245
_a
Ek sarak sattawan galiyan/
_c
by Kamaleswar.
260
_a
New Delhi:
_b
Rajpal,
_c
2001.
650
_a
942
_c
BK